Aktuálny návrh územného usporiadania

Návrh územného usporiadania samosprávnych krajov. Podiel samosprávnych krajov na rozlohe SR. Súhrn okresov. Kompetencie krajov.

Guardado en:
Detalles Bibliográficos
Autor principal: Rajčák, Milan
Formato: Capítulo de libro
Lenguaje:eslovaco
Materias:
Etiquetas: Agregar Etiqueta
Sin Etiquetas, Sea el primero en etiquetar este registro!

MARC

LEADER 00000naa a2200000 4500
001 r042175
005 20230927092622.7
041 0 |a slo 
044 |a SK 
245 1 0 |a Aktuálny návrh územného usporiadania  |c Milan Rajčák 
520 |a Návrh územného usporiadania samosprávnych krajov. Podiel samosprávnych krajov na rozlohe SR. Súhrn okresov. Kompetencie krajov. 
610 2 0 |a členenie územné administratívne 
610 2 0 |a správa verejná 
610 2 0 |a decentralizácia 
610 2 0 |a regióny 
610 2 0 |a okresy 
610 2 0 |a samospráva 
610 2 0 |a reformy 
610 2 0 |a Slovensko 
100 1 |a Rajčák, Milan